Max weber : (Record no. 102454)
[ view plain ]
| 000 -LEADER | |
|---|---|
| fixed length control field | 01028nam a22002537a 4500 |
| 005 - DATE AND TIME OF LATEST TRANSACTION | |
| control field | 20180226141211.0 |
| 010 ## - LCCN (DPL NO) | |
| LC control number | 1617EN ENG-116959 |
| 020 ## - INTERNATIONAL STANDARD BOOK NUMBER | |
| International Standard Book Number | 9788131607824 |
| Terms of availability | 1595.00 |
| 035 ## - SYSTEM CONTROL NUMBER | |
| System control number | B-648060-8064 |
| 035 ## - SYSTEM CONTROL NUMBER | |
| System control number | EN-100491 |
| 035 ## - SYSTEM CONTROL NUMBER | |
| System control number | B-664869 |
| 037 ## - SOURCE OF ACQUISITION | |
| Stock number | dpl |
| Source of stock number/acquisition | Mallika |
| 037 ## - SOURCE OF ACQUISITION | |
| Source of stock number/acquisition | DBAD/PUB |
| 082 ## - DEWEY DECIMAL CLASSIFICATION NUMBER | |
| Classification number | 920 |
| 100 ## - MAIN ENTRY--PERSONAL NAME | |
| Personal name | Bendix, Reinhard |
| 245 ## - TITLE STATEMENT | |
| Title | Max weber : |
| Statement of responsibility, etc | by Reinhard Bendix; new introduction by Guenther Roth |
| Remainder of title | an intellectual portrait / |
| 260 ## - PUBLICATION, DISTRIBUTION, ETC. (IMPRINT) | |
| Place of publication, distribution, etc | Jaipur |
| Name of publisher, distributor, etc | Rawat Pub. |
| Date of publication, distribution, etc | 2016 |
| 270 ## - ADDRESS | |
| Address | Satyam Apts., Sector-3, Jawahar Nagar, |
| City | Jaipur |
| Postal code | 302004 |
| 300 ## - PHYSICAL DESCRIPTION | |
| Extent | li,522p. |
| Dimensions | 23cm(Hb) |
| 500 ## - GENERAL NOTE | |
| General note | Includes index |
| 942 ## - ADDED ENTRY ELEMENTS (KOHA) | |
| Source of classification or shelving scheme | Dewey Decimal Classification |
| Item type | English Books |
| Call number suffix | BEN |
| Classification part | 920 |
| Withdrawn status | Lost status | Not for loan | Collection code | Home library | Current library | Date acquired | Source of acquisition | Cost, normal purchase price | Full call number | Barcode | Copy number | Cost, replacement price | Koha item type |
|---|---|---|---|---|---|---|---|---|---|---|---|---|---|
| Non-fiction | Ashok Vihar | Ashok Vihar | 26/02/2018 | Mallika/59/4.3.2017/16-17/AV/461/15.2.2017/7.3.2017 | 1595.00 | 920 BEN | B-664869 | 1 | 1595.00 | English Books | |||
| Not For Loan | Non-fiction | D.B.Act.Division | Bawana | 28/12/2016 | DBAD/PUB | 1595.00 | 920 BEN | EN-100491 | 1 | 1595.00 | English Books | ||
| Not For Loan | Reference | Central Library | Central Library | 31/03/2017 | BPPD/EN/2016-17/295/24.11.2016/45/28.11.2016/2.1.2017 | 1595.00 | 920 BEN | B-648060 | 1 | 1595.00 | English Books | ||
| Non-fiction | Janak Puri | Janak Puri | 31/03/2017 | BPPD/EN/2016-17/295/24.11.2016/45/28.11.2016/2.1.2017 | 1595.00 | 920 BEN | B-648062 | 1 | 1595.00 | English Books | |||
| Non-fiction | Patel Nagar | Patel Nagar | 31/03/2017 | BPPD/EN/2016-17/295/24.11.2016/45/28.11.2016/2.1.2017 | 1595.00 | 920 BEN | B-648061 | 1 | 1595.00 | English Books | |||
| Non-fiction | Shahdara Branch | Shahdara Branch | 31/03/2017 | BPPD/EN/2016-17/295/24.11.2016/45/28.11.2016/2.1.2017 | 1595.00 | 920 BEN | B-648063 | 1 | 1595.00 | English Books | |||
| Non-fiction | Yojana Vihar | Yojana Vihar | 31/03/2017 | BPPD/EN/2016-17/295/24.11.2016/45/28.11.2016/2.1.2017 | 1595.00 | 920 BEN | B-648064 | 1 | 1595.00 | English Books |
